Accumulator charging, maintenance and repair, (Record no. 545290)
[ view plain ]
| 000 -LEADER | |
|---|---|
| fixed length control field | 00709cam a2200157 4500 |
| 082 ## - DEWEY DECIMAL CLASSIFICATION NUMBER | |
| Classification number | 621.254 |
| Author Mark | IBB |
| -- | L-10, P-5 |
| 100 1# - MAIN ENTRY--PERSONAL NAME | |
| Personal name | Ibbetson, W. S., |
| 9 (RLIN) | 41092 |
| 245 10 - TITLE STATEMENT | |
| Title | Accumulator charging, maintenance and repair, |
| Statement of responsibility, etc. | intended for the use of all interested in the charging and upkeep of accumulators for radio and tele-communications, electric vehicles, motor-cars and cycles, country house lighting and emergency plants, by W. S. Ibbetson. |
| 250 ## - EDITION STATEMENT | |
| Edition statement | 9th ed. |
| 260 ## - PUBLICATION, DISTRIBUTION, ETC. | |
| Place of publication, distribution, etc. | London, |
| Name of publisher, distributor, etc. | Sir I. Pitman & sons, ltd., |
| Date of publication, distribution, etc. | 1946. |
| 300 ## - PHYSICAL DESCRIPTION | |
| Extent | viii, 172 p. |
| Other physical details | front., illus., diagrs. |
| Dimensions | 18 cm. |
| 526 ## - STUDY PROGRAM INFORMATION NOTE | |
| Program name | 0 |
| Interest level | 0 |
| Reading level | 0 |
| Title point value | 621_254000000000000_IBB |
| 650 #0 - SUBJECT ADDED ENTRY--TOPICAL TERM | |
| Topical term or geographic name entry element | MCE |
| 9 (RLIN) | 379 |
| 650 #0 - SUBJECT ADDED ENTRY--TOPICAL TERM | |
| Topical term or geographic name entry element | Storage batteries. |
| 9 (RLIN) | 41093 |
| 942 ## - ADDED ENTRY ELEMENTS (KOHA) | |
| Source of classification or shelving scheme | |
| Koha item type | Book |
| Withdrawn status | Lost status | Source of classification or shelving scheme | Damaged status | Not for loan | Permanent Location | Current Location | Date acquired | Total Checkouts | Full call number | Barcode | Date last seen | Price effective from | Koha item type |
|---|---|---|---|---|---|---|---|---|---|---|---|---|---|
| Military College of Engineering (MCE) | Military College of Engineering (MCE) | 05/20/2014 | 621.254 IBB | MCE-30425 | 05/20/2014 | 05/20/2014 | Book |
